MARC details
| 000 -CABECERA |
| campo de control de longitud fija |
01005cam a2200265 a 4500 |
| 001 - NÚMERO DE CONTROL |
| campo de control |
000005628 |
| 005 - FECHA Y HORA DE LA ÚLTIMA TRANSACCIÓN |
| campo de control |
20200929151728.0 |
| 008 - DATOS DE LONGITUD FIJA--INFORMACIÓN GENERAL |
| campo de control de longitud fija |
751204k19501950sp 001 p spa |
| 040 ## - FUENTE DE LA CATALOGACIÓN |
| Centro catalogador/agencia de origen |
DO-SdBNP |
| Lengua de catalogación |
spa |
| Centro/agencia transcriptor |
BNPHU |
| 082 ## - NÚMERO DE LA CLASIFICACIÓN DECIMAL DEWEY |
| Número de clasificación |
861.3 |
| Número de documento/Ítem |
C352ó |
| 049 ## - FONDOS LOCALES (OCLC) |
| Fondos de biblioteca |
BNGR |
| 100 1# - ENTRADA PRINCIPAL--NOMBRE DE PERSONA |
| Nombre de persona |
Castillejo, Cristóbal de, |
| Fechas asociadas al nombre |
1490-1550. |
| 9 (RLIN) |
15883 |
| 245 10 - MENCIÓN DE TÍTULO |
| Título |
Obras / |
| Mención de responsabilidad, etc. |
Cristóbal de Castillejo ; edición y notas de J. Domínguez Bordona. |
| 260 ## - PUBLICACIÓN, DISTRIBUCIÓN, ETC. |
| Lugar de publicación, distribución, etc. |
Madrid, España : |
| Nombre del editor, distribuidor, etc. |
Espasa-Calpe, |
| Fecha de publicación, distribución, etc. |
1950. |
| 300 ## - DESCRIPCIÓN FÍSICA |
| Extensión |
v. ; |
| Dimensiones |
19 cm. |
| 490 1# - MENCIÓN DE SERIE |
| Mención de serie |
Clásicos castellanos |
| Designación de volumen o secuencia |
72, 79, 88, 91 |
| 505 0# - NOTA DE CONTENIDO CON FORMATO |
| Nota de contenido con formato |
I. Sermón de amores. Diálogo de mujeres |
| 505 0# - NOTA DE CONTENIDO CON FORMATO |
| Nota de contenido con formato |
II. Obras de amores. Obras de conversación y pasatiempo |
| 505 0# - NOTA DE CONTENIDO CON FORMATO |
| Nota de contenido con formato |
III. Obras de conversación y pasatiempo (Conclusión) |
| 505 0# - NOTA DE CONTENIDO CON FORMATO |
| Nota de contenido con formato |
IV. Obras Morales. Obras de devoción |
| 650 #4 - PUNTO DE ACCESO ADICIONAL DE MATERIA--TÉRMINO DE MATERIA |
| Término de materia o nombre geográfico como elemento de entrada |
Poesía española |
| 9 (RLIN) |
631 |
| 650 #4 - PUNTO DE ACCESO ADICIONAL DE MATERIA--TÉRMINO DE MATERIA |
| Término de materia o nombre geográfico como elemento de entrada |
Literatura española |
| Subdivisión cronológica |
SIGLO XVI |
| 9 (RLIN) |
8688 |
| 700 1# - PUNTO DE ACCESO ADICIONAL--NOMBRE DE PERSONA |
| Nombre de persona |
Domínguez Bordona, J., |
| Término indicativo de función/relación |
ed. |
| 9 (RLIN) |
15854 |
| 830 #0 - PUNTO DE ACCESO ADICIONAL DE SERIE-TÍTULO UNIFORME |
| Título uniforme |
Clásicos castellanos ; |
| Número de parte o sección de la obra |
72, 79, 88, 91 |
| 9 (RLIN) |
15884 |